00860nam a2200253Ia 450000500170000000800410001702000150005804000180007304100080009108200210009910000170012024501100013725000380024726000580028530000310034365000200037465000390039465000210043365000220045465000330047665000330050965000310054265000330057320220718155845.0210716s1994 xx 000 0 und d a8120308689 cAIMIT LIBRARY aeng a006.32 21bKOSB aKosko, Bart. aNeural networks and fuzzy systems : bDynamical systems approach to machine intelligence /cBy Bart Kosko a1st ed. bEastern Economy Edition aNew Delhi :bPrentice Hall of India PVt Ltd. ,c1994. axxvii,449pbPB :c23.5 cm. aNeural Networks aNeural Networks and Fuzzy Systems. aNeoural Dynamics aSynaptic Dynamics aArchitectures and Equilibria aFuzziness Versus Probability aFuzzy Associative Memories aFuzzy Image Transform Coding